Elektrické pohony /

Uložené v:
Podrobná bibliografia
Hlavní autori: Solík, Imrich (Author), Ráček, Vladimír (Author)
Médium: Kniha
Jazyk:Slovak
Vydané: Bratislava : Alfa, 1989
Vydanie:1. vyd.
ISBN: (brož.)
Fyzický popis: 263 s. : 3 príl.
Tagy: Pridať tag
Žiadne tagy, Buďte prvý kto otaguje tento záznam!

MARC

LEADER 00000nam a2200000 a 4500
001 000199607
005 20060929091849.0
008 060420s1989 xo e 000 0 sloo
020 |a (brož.) 
040 |a SVKKK  |b slo  |c SVKKK  |e AACR2 
041 0 |a slo 
044 |a xo  |c SK 
100 1 |a Solík, Imrich  |4 aut 
245 1 0 |a Elektrické pohony /  |c Imrich Solík, Vladimír Ráček 
250 |a 1. vyd. 
260 |a Bratislava :  |b Alfa,  |c 1989 
300 |a 263 s. :  |b 3 príl. 
700 1 |a Ráček, Vladimír  |4 aut 
910 |a svkkk 
998 |a BK 
090 |g SCKHL  |k Sklad Pribinova 3. posch.  |a V.165875  |j 787724  |i 2720048053  |s Absenčne 
090 |g SCKHL  |k Sklad Pribinova 3. posch.  |a V.165876  |j 787725  |i 2720957674  |s Absenčne